Fashioned speech, full communication : aspects of eastern Sumban language
| Published in: | To speak in pairs, ed. by James J. Fox, Cambridge, 1988, P. 129-160 (Cambridge studies in oral and literate culture) |
|---|---|
| Main Author: | |
| Content type: | Article |
| Published: |
1988
|
| Source: | MPIPL_cat |
| _version_ | 1863687004520185859 |
|---|---|
| author | Forth, Gregory |
| author_facet | Forth, Gregory |
| author_search | Forth, Gregory |
| author_sort | Forth, Gregory |
| author_variant | g f gf |
| collection_details | MPIPL |
| container_reference | P. 129-160 |
| container_start_page | 129 |
| container_title | To speak in pairs : essays on the ritual languages of eastern Indonesia |
| dedup_id_str | MPIPL_cat.PL0052336 |
| dewey-hierarchy | 0/[Unassigned]/ |
| dewey-hierarchy_str | 0/[Unassigned]/ |
| first_indexed | 2026-03-14T00:40:05Z |
| format | 0/Artikel/ |
| format_str | 0/Artikel/ |
| fullrecord | <?xml version="1.0" encoding="UTF-8"?>
<collection xmlns:xsi="http://www.w3.org/2001/XMLSchema-instance" xsi:schemaLocation="http://www.loc.gov/MARC21/slim http://www.loc.gov/standards/marcxml/schema/MARC21slim.xsd" xmlns="http://www.loc.gov/MARC21/slim">
<record>
<leader>00000naa a2200000 u 4500</leader>
<controlfield tag="001">PL0052336</controlfield>
<controlfield tag="003">PLI01000000000000000052069</controlfield>
<controlfield tag="005">00000000000000.0</controlfield>
<controlfield tag="008"> ||| u </controlfield>
<datafield tag="100" ind1="1" ind2=" ">
<subfield code="a">Forth, Gregory</subfield>
</datafield>
<datafield tag="245" ind1="0" ind2="0">
<subfield code="a">Fashioned speech, full communication</subfield>
<subfield code="b">aspects of eastern Sumban language</subfield>
<subfield code="c">Gregory Forth</subfield>
</datafield>
<datafield tag="260" ind1=" " ind2=" ">
<subfield code="c">1988</subfield>
</datafield>
<datafield tag="952" ind1=" " ind2=" ">
<subfield code="j">1988</subfield>
<subfield code="h">P. 129-160</subfield>
</datafield>
<datafield tag="996" ind1=" " ind2=" ">
<subfield code="a">Aufsatz</subfield>
</datafield>
<datafield tag="997" ind1=" " ind2=" ">
<subfield code="a">book chapter</subfield>
</datafield>
<datafield tag="773" ind1="0" ind2="8">
<subfield code="t">To speak in pairs</subfield>
<subfield code="a">ed. by James J. Fox</subfield>
<subfield code="d">Cambridge, 1988</subfield>
<subfield code="g">P. 129-160</subfield>
<subfield code="k">Cambridge studies in oral and literate culture</subfield>
<subfield code="w">MPIPL_cat.PL0052330</subfield>
<subfield code="z">0-521-34332-1</subfield>
<subfield code="i">In:</subfield>
</datafield>
</record>
</collection>
|
| hierarchy_parent_id | MPIPL_cat.PL0052330 |
| hierarchy_parent_title | To speak in pairs : essays on the ritual languages of eastern Indonesia |
| id | MPIPL_cat.PL0052336 |
| illustrated | Not Illustrated |
| institution | MPIPL_cat |
| institution_str | MPIPL_cat |
| isbn | 9780521343329 0-521-34332-1 |
| language | und |
| language_str | und |
| last_indexed | 2026-04-27T23:41:36Z |
| local_fields | Aufsatz |
| online | false |
| online_MPIPL_cat | false |
| online_str | false |
| publishDate | 1988 |
| publishDate_str | 1988 |
| record_format | marc |
| spelling | Forth, Gregory Fashioned speech, full communication aspects of eastern Sumban language Gregory Forth 1988 To speak in pairs ed. by James J. Fox Cambridge, 1988 P. 129-160 Cambridge studies in oral and literate culture 0-521-34332-1 In |
| spellingShingle | Forth, Gregory Fashioned speech, full communication : aspects of eastern Sumban language |
| title | Fashioned speech, full communication : aspects of eastern Sumban language |
| title_full | Fashioned speech, full communication aspects of eastern Sumban language Gregory Forth |
| title_fullStr | Fashioned speech, full communication aspects of eastern Sumban language Gregory Forth |
| title_full_unstemmed | Fashioned speech, full communication aspects of eastern Sumban language Gregory Forth |
| title_search | Fashioned speech, full communication aspects of eastern Sumban language |
| title_short | Fashioned speech, full communication |
| title_sort | fashioned speech full communication aspects of eastern sumban language gregory forth |
| title_sub | aspects of eastern Sumban language |